Poistné riziká budúcnosti
Poistenie ako jedna z foriem ochrany ľudskej spoločnosti pred dôsledkami nepredvídateľných náhodných udalostí. Súčasný stav spoločnosti, meniace sa podmienky a potreby jednotlivcov. Nástroje a techniky na rozšírenie poistiteľnosti. Riziká budúcnosti "emerging risk" a poistná prax.
Saved in:
| Main Author: | |
|---|---|
| Format: | Book Chapter |
| Language: | Slovak |
| Subjects: | |
| Tags: |
No Tags, Be the first to tag this record!
|
MARC
| LEADER | 00000naa$a2200000$$$4500 | ||
|---|---|---|---|
| 001 | 0115596 | ||
| 005 | 20240711081136.1 | ||
| 041 | 0 | |a slo | |
| 044 | |a SK | ||
| 245 | 1 | 0 | |a Poistné riziká budúcnosti |c Zuzana Brokešová |
| 520 | |a Poistenie ako jedna z foriem ochrany ľudskej spoločnosti pred dôsledkami nepredvídateľných náhodných udalostí. Súčasný stav spoločnosti, meniace sa podmienky a potreby jednotlivcov. Nástroje a techniky na rozšírenie poistiteľnosti. Riziká budúcnosti "emerging risk" a poistná prax. | ||
| 610 | 2 | 0 | |a poistenie |
| 610 | 2 | 0 | |a poisťovníctvo |
| 610 | 2 | 0 | |a riziko poistné |
| 610 | 2 | 0 | |a zmluvy poistné |
| 610 | 2 | 0 | |a poistenie životné |
| 610 | 2 | 0 | |a poistenie neživotné |
| 610 | 2 | 0 | |a plnenie poistné |
| 100 | 1 | |a Brokešová, Zuzana, 1985- | |